| 000 | 01965nam a2200577 i 4500 | ||
|---|---|---|---|
| 001 | 35613 | ||
| 003 | KOSZ 005 | ||
| 005 | 20250730063932.0 | ||
| 008 | 230811s1989 pl a g 000 0 pol | ||
| 015 | _aUWD 1989/10309 | ||
| 020 | _a8370012949 | ||
| 035 | _a991002874539705066 | ||
| 035 | _a(PL-WaBN)b10780154-48omnis_nlop | ||
| 035 | _ab10780154 | ||
| 035 | _a(OCoLC)316533400 | ||
| 035 | _axx001285058 | ||
| 035 | _a(PL)b0000001078015 | ||
| 035 | _a(EXLNZ-48OMNIS_NETWORK)9910485325905606 | ||
| 040 |
_aWA N _cWA N _dKOSZ 005/RW |
||
| 045 |
_bd1939 _bd1945 |
||
| 046 | _k1989 | ||
| 080 | _a94(438).082-054.65 | ||
| 080 | _a94(438).082.5 | ||
| 080 | _a94(100)"1939/1945":341.322.5 | ||
| 245 | 0 | 0 |
_aKatyń : _blista ofiar i zaginionych jeńców obozów Kozielsk, Ostaszków Starobielsk / _cwstęp i opracowanie Andrzej Leszek Szcześniak. |
| 250 | _aWydanie 2. | ||
| 260 |
_aWarszawa : _b"Alfa", _c1989. |
||
| 300 |
_a366, [2] stron : _bfotografie ; _c21 cm. |
||
| 336 |
_aTekst _btxt _2rdacontent |
||
| 337 |
_aBez urządzenia pośredniczącego _bn _2rdamedia |
||
| 338 |
_aWolumin _bnc _2rdacarrier |
||
| 380 | _aKsiążki | ||
| 380 | _aLiteratura faktu, eseje, publicystyka | ||
| 388 | 1 | _a1901-2000 | |
| 388 | 1 | _a1945-1989 | |
| 648 | 7 |
_a1901-2000 _2DBN |
|
| 648 | 7 |
_a1939-1945 _2DBN |
|
| 650 | 7 |
_aII wojna światowa (1939-1945) _2DBN |
|
| 650 | 7 |
_aEgzekucja polskich oficerów w Katyniu (1940) _2DBN |
|
| 650 | 7 |
_aJeńcy wojenni _2DBN |
|
| 651 | 7 | _aPolska | |
| 651 | 7 | _aZSRR | |
| 655 | 7 |
_aSpis _2DBN |
|
| 658 | _aBezpieczeństwo i wojskowość | ||
| 658 | _aHistoria | ||
| 700 |
_aSzcześniak, Andrzej Leszek _d(1932-2003) _ePrzedmowa |
||
| 710 | 2 |
_aWydawnictwo "Alfa" (Warszawa) _4pbl |
|
| 856 |
_uhttp://koha.tu.koszalin.pl/cgi-bin/koha/opac-detail.pl?biblionumber=35613 _yKatalog online BPK |
||
| 942 |
_2UKD _cKS |
||
| 999 |
_c35613 _d35613 |
||